000 00586nam a22001937a 4500
005 20251108165342.0
008 250721s1983 xx 000 0 ara d
082 1 4 _aم/012/حمد
100 1 _aالسكوت، حمدي
245 1 0 _aعباس محمود العقاد /
264 1 _aالقاهره :
_bدار الكتاب المصري،
_c1983.
300 _a2مج
490 0 _aسلسلة اعلام الادب المعاصر في مصر ؛ 5
650 1 7 _aالببليوغرافيات
650 1 7 _aالمؤلفون
650 1 7 _aمصر
942 _2ddc
_cREF
999 _c25795
_d25795